<?xml version="1.0" encoding="UTF-8"?>
<record
    xmlns:xsi="http://www.w3.org/2001/XMLSchema-instance"
    xsi:schemaLocation="http://www.loc.gov/MARC21/slim http://www.loc.gov/standards/marcxml/schema/MARC21slim.xsd"
    xmlns="http://www.loc.gov/MARC21/slim">

  <leader>00600nam a22001937a 4500</leader>
  <controlfield tag="003">OSt</controlfield>
  <controlfield tag="005">20260624120240.0</controlfield>
  <controlfield tag="008">260624b        |||||||| |||| 00| 0 eng d</controlfield>
  <datafield tag="020" ind1=" " ind2=" ">
    <subfield code="a">0-325-0058-4</subfield>
  </datafield>
  <datafield tag="040" ind1=" " ind2=" ">
    <subfield code="c">Chuka University Library</subfield>
  </datafield>
  <datafield tag="050" ind1=" " ind2=" ">
    <subfield code="a">LB 1050 45</subfield>
    <subfield code="b">.H37 2005</subfield>
  </datafield>
  <datafield tag="100" ind1=" " ind2=" ">
    <subfield code="a">Harvey Stephanie</subfield>
    <subfield code="9">27917</subfield>
  </datafield>
  <datafield tag="245" ind1=" " ind2=" ">
    <subfield code="a">The comprehension toolkit language andlessons for active literacy</subfield>
    <subfield code="b">Extend and investigate</subfield>
  </datafield>
  <datafield tag="260" ind1=" " ind2=" ">
    <subfield code="a">New York</subfield>
    <subfield code="b">Firsthand </subfield>
    <subfield code="c">2005</subfield>
  </datafield>
  <datafield tag="300" ind1=" " ind2=" ">
    <subfield code="a">144</subfield>
    <subfield code="b">Illustrations</subfield>
  </datafield>
  <datafield tag="650" ind1=" " ind2=" ">
    <subfield code="a">Reading comprehension</subfield>
    <subfield code="9">27306</subfield>
  </datafield>
  <datafield tag="650" ind1=" " ind2=" ">
    <subfield code="a">Reading(elementary)</subfield>
    <subfield code="9">31009</subfield>
  </datafield>
  <datafield tag="942" ind1=" " ind2=" ">
    <subfield code="2">lcc</subfield>
    <subfield code="c">BK</subfield>
    <subfield code="n">0</subfield>
  </datafield>
  <datafield tag="952" ind1=" " ind2=" ">
    <subfield code="0">0</subfield>
    <subfield code="1">0</subfield>
    <subfield code="2">lcc</subfield>
    <subfield code="4">0</subfield>
    <subfield code="7">0</subfield>
    <subfield code="8">LGL</subfield>
    <subfield code="a">CHK</subfield>
    <subfield code="b">CHK</subfield>
    <subfield code="c">GEN</subfield>
    <subfield code="d">2026-06-24</subfield>
    <subfield code="e">Donations from books for Africa</subfield>
    <subfield code="g">6070.00</subfield>
    <subfield code="l">0</subfield>
    <subfield code="o">LB 1050.45 .H37 2005</subfield>
    <subfield code="p">35877/2026</subfield>
    <subfield code="r">2026-06-24 12:06:56</subfield>
    <subfield code="t">3</subfield>
    <subfield code="w">2026-06-24</subfield>
    <subfield code="y">BK</subfield>
  </datafield>
  <datafield tag="952" ind1=" " ind2=" ">
    <subfield code="0">0</subfield>
    <subfield code="1">0</subfield>
    <subfield code="2">lcc</subfield>
    <subfield code="4">0</subfield>
    <subfield code="7">0</subfield>
    <subfield code="8">LGL</subfield>
    <subfield code="a">CHK</subfield>
    <subfield code="b">CHK</subfield>
    <subfield code="c">GEN</subfield>
    <subfield code="e">Donations from books for Africa</subfield>
    <subfield code="g">6070.00</subfield>
    <subfield code="l">0</subfield>
    <subfield code="o">LB 1050.45 .H37 2005</subfield>
    <subfield code="p">35844/2026</subfield>
    <subfield code="r">2026-06-24 12:13:27</subfield>
    <subfield code="t">2</subfield>
    <subfield code="y">BK</subfield>
  </datafield>
  <datafield tag="952" ind1=" " ind2=" ">
    <subfield code="0">0</subfield>
    <subfield code="1">0</subfield>
    <subfield code="2">lcc</subfield>
    <subfield code="4">0</subfield>
    <subfield code="7">0</subfield>
    <subfield code="8">LGL</subfield>
    <subfield code="a">CHK</subfield>
    <subfield code="b">CHK</subfield>
    <subfield code="c">GEN</subfield>
    <subfield code="d">2026-06-24</subfield>
    <subfield code="e">Donations from books for Africa</subfield>
    <subfield code="g">6070.00</subfield>
    <subfield code="l">0</subfield>
    <subfield code="o">LB 1050.45 .H37 2005</subfield>
    <subfield code="p">35845/2026</subfield>
    <subfield code="r">2026-06-24 12:17:32</subfield>
    <subfield code="t">1</subfield>
    <subfield code="w">2026-06-24</subfield>
    <subfield code="y">BK</subfield>
  </datafield>
  <datafield tag="999" ind1=" " ind2=" ">
    <subfield code="c">25128</subfield>
    <subfield code="d">25128</subfield>
  </datafield>
</record>
